| 000 | 00694cab a2200229 4500 | ||
|---|---|---|---|
| 001 | WB2738-21 | ||
| 008 | 090401t1991 xxu||||| |||| 00| 0 eng d | ||
| 035 | _a(Sirsi) u1566 | ||
| 041 | _aeng | ||
| 100 | _aPrior, Grant | ||
| 245 | _aLeague of green assessments | ||
| 260 | _c1991 | ||
| 350 | _a0 | ||
| 490 |
_aConstruction News _v(6234) 3 October 1991, 7(1) |
||
| 520 | _aBritain is bottom of the league for assessing the environmental effects of building projects. | ||
| 650 | _aBUILDING PROJECTS | ||
| 650 | _aENVIRONMENTAL IMPACT ASSESSMENTS | ||
| 650 | _aINSTITUTE OF ENVIRONMENTAL ASSESSMENT | ||
| 690 | _aENVIRONMENTAL AND LAND CONSULTANCY | ||
| 942 | _n0 | ||
| 948 | _c04/03/1997 | ||
| 999 |
_c882 _d882 |
||